[Event "Arco op 45th"]
[Site "Arco"]
[Date "2023.10.15"]
[Round "9"]
[White "Hoehfeld, Markus"]
[Black "Donadi, Luca"]
[Result "1-0"]
[WhiteElo "1809"]
[BlackElo "1628"]
[PlyCount "83"]
[EventDate "2023.10.07"]
[EventType "swiss"]
[EventRounds "9"]
[EventCountry "ITA"]
[SourceTitle "Mega2024 Update 01"]
[Source "Chessbase"]
[SourceDate "2023.11.12"]
[SourceVersion "1"]
[SourceVersionDate "2023.11.12"]
[SourceQuality "1"]

1. d4 d5 2. Nf3 Nf6 3. e3 e6 4. Bd3 Nbd7 5. 0-0 Be7 6. b3 b6 7. c4 dxc4 8. bxc4 Bb7 9. Nbd2 0-0 10. Bb2 c5 11. Qe2 Qc7 12. Rfd1 Rfd8 13. Ne5 Nxe5 14. dxe5 Nd7 15. f4 Nf8 16. Bc2 Rd7 17. Bc3 Rad8 18. a4 Bc6 19. a5 Rb8 20. axb6 axb6 21. Rab1 Qc8 22. Ne4 Bxe4 23. Bxe4 Rxd1+ 24. Rxd1 Qc7 25. Ra1 Rd8 26. Qb2 Rd7 27. Qb5 Qd8 28. Ra8 Qc7 29. Qb1 g6 30. Kf2 Bh4+ 31. Ke2 Bd8 32. Qb5 h6 33. Bc6 Re7 34. Be1 Nh7 35. Be4 Kg7 36. Ra1 Rd7 37. Bc6 Re7 38. g4 f5 39. exf6+ Nxf6 40. Bc3 Kf7 41. Be5 Qc8 42. Ra8 1-0

[Event "Arco op 45th"]
[Site "Arco"]
[Date "2023.10.12"]
[Round "6"]
[White "Donadi, Luca"]
[Black "Bartonicek, Zdenek"]
[Result "0-1"]
[WhiteElo "1628"]
[BlackElo "1885"]
[PlyCount "90"]
[EventDate "2023.10.07"]
[EventType "swiss"]
[EventRounds "9"]
[EventCountry "ITA"]
[SourceTitle "Mega2024 Update 01"]
[Source "Chessbase"]
[SourceDate "2023.11.12"]
[SourceVersion "1"]
[SourceVersionDate "2023.11.12"]
[SourceQuality "1"]

1. e4 d6 2. d4 Nf6 3. Nc3 Nbd7 4. Nf3 e5 5. Bc4 Be7 6. 0-0 0-0 7. h3 c6 8. Bb3 Qc7 9. Re1 a6 10. a4 h6 11. Be3 Re8 12. Qd2 Bf8 13. d5 Nc5 14. Bxc5 dxc5 15. Rad1 Bd7 16. Re3 b5 17. Qe1 c4 18. Ba2 Bc5 19. Re2 Rad8 20. axb5 cxb5 21. Nb1 Nh5 22. b3 Nf4 23. Red2 Qb6 24. bxc4 Qg6 25. Qf1 b4 26. Kh2 Qxe4 27. Re1 Qf5 28. g4 Qf6 29. Re4 h5 30. g5 Qf5 31. Rxf4 Qxf4+ 32. Kg2 Bxh3+ 33. Kxh3 Qxf3+ 34. Kh2 Be3 35. Rd3 Bf4+ 36. Kg1 Qg4+ 37. Qg2 Qe2 38. Bb3 e4 39. Rh3 e3 40. Rf3 Qxf3 41. Qxf3 e2 42. Qxf4 e1Q+ 43. Kg2 Re4 44. Qf5 Rg4+ 45. Kf3 Re8 0-1

[Event "Arco op 44th"]
[Site "Arco"]
[Date "2022.10.08"]
[Round "1"]
[White "Donadi, Luca"]
[Black "Astengo, Corrado"]
[Result "1/2-1/2"]
[WhiteElo "1650"]
[BlackElo "2008"]
[PlyCount "60"]
[EventDate "2022.10.08"]
[EventType "swiss"]
[EventRounds "9"]
[EventCountry "ITA"]
[SourceTitle "CBM 210 Extra"]
[Source "ChessBase"]
[SourceDate "2022.11.30"]
[SourceVersion "1"]
[SourceVersionDate "2022.11.30"]
[SourceQuality "1"]

1. e4 c5 2. Ne2 e6 3. Nbc3 a6 4. g3 b5 5. Bg2 Bb7 6. 0-0 Qc7 7. d3 Be7 8. Be3 Nf6 9. h3 d6 10. Qd2 Nbd7 11. f4 Nb6 12. Rad1 d5 13. exd5 Nbxd5 14. Nxd5 Bxd5 15. Nc3 Bxg2 16. Kxg2 0-0 17. Qf2 b4 18. Ne4 Rfc8 19. Qf3 a5 20. g4 Nxe4 21. dxe4 Rd8 22. Rxd8+ Rxd8 23. Rd1 Rxd1 24. Qxd1 Qc6 25. Qf3 Kf8 26. e5 Qxf3+ 27. Kxf3 Ke8 28. Ke4 Kd7 29. Kd3 Kc6 30. Kc4 g6 1/2-1/2

[Event "Arco op 40th"]
[Site "Arco"]
[Date "2018.10.17"]
[Round "5"]
[White "Simeone, Giulio"]
[Black "Donadi, Luca"]
[Result "1-0"]
[WhiteElo "1933"]
[BlackElo "1745"]
[PlyCount "71"]
[EventDate "2018.10.13"]
[EventType "swiss"]
[EventRounds "9"]
[EventCountry "ITA"]
[SourceTitle "CBM 186 Extra"]
[Source "ChessBase"]
[SourceDate "2018.08.24"]
[SourceVersion "1"]
[SourceVersionDate "2018.08.24"]
[SourceQuality "1"]

1. c4 e5 2. Nc3 Nf6 3. Nf3 Nc6 4. d4 exd4 5. Nxd4 d5 6. Nxc6 bxc6 7. Bg5 Be7 8. e3 0-0 9. Be2 Be6 10. 0-0 Rb8 11. Qc2 Qc8 12. Rad1 Rd8 13. Bf3 h6 14. Bh4 g5 15. Bg3 Bf5 16. Qc1 Bd6 17. cxd5 Bxg3 18. fxg3 cxd5 19. Nxd5 Nxd5 20. Bxd5 Bg6 21. Qc4 Rd7 22. Rf6 Kg7 23. Rdf1 Qe8 24. Qc3 Kh7 25. Bc6 Qe7 26. Bxd7 Qxd7 27. Rc6 Rxb2 28. Rxc7 Qd2 29. Qxd2 Rxd2 30. Rxa7 Be4 31. Raxf7+ Kg6 32. R7f2 Rd3 33. Re1 Ra3 34. Rd2 Ba8 35. Kf2 g4 36. Rb1 1-0

[Event "Arco op-A 39th"]
[Site "Arco"]
[Date "2017.10.10"]
[Round "4"]
[White "Behling, Robert"]
[Black "Donadi, Luca"]
[Result "1/2-1/2"]
[WhiteElo "2081"]
[BlackElo "1773"]
[PlyCount "47"]
[EventDate "2017.10.07"]
[EventType "swiss"]
[EventRounds "9"]
[EventCountry "ITA"]
[SourceTitle "CBM 181 Extra"]
[Source "ChessBase"]
[SourceDate "2017.12.12"]
[SourceVersion "1"]
[SourceVersionDate "2017.12.12"]
[SourceQuality "1"]

1. c4 e5 2. Nc3 Nf6 3. Nf3 Nc6 4. a3 d5 5. cxd5 Nxd5 6. Qc2 Be6 7. e3 Be7 8. Bb5 f6 9. Ne4 Bd7 10. Nc5 Bxc5 11. Qxc5 Nce7 12. Bxd7+ Qxd7 13. 0-0 Qc6 14. Qxc6+ Nxc6 15. b4 a6 16. Bb2 0-0 17. g3 Rad8 18. Rfd1 Rd7 19. Kf1 Rfd8 20. Ke2 Nb6 21. Rac1 Na4 22. Bc3 Rd3 23. Ne1 R3d7 24. Nf3 1/2-1/2

[Event "Arco op 38th"]
[Site "Arco"]
[Date "2016.10.14"]
[Round "7"]
[White "Donadi, Luca"]
[Black "Anrather, Eva"]
[Result "1-0"]
[WhiteElo "1790"]
[BlackElo "1633"]
[PlyCount "49"]
[EventDate "2016.10.08"]
[EventType "swiss"]
[EventRounds "9"]
[EventCountry "ITA"]
[SourceTitle "EXT 2017"]
[Source "ChessBase"]
[SourceDate "2016.10.25"]
[SourceVersion "1"]
[SourceVersionDate "2016.10.25"]
[SourceQuality "1"]

1. e4 e5 2. Nf3 Nc6 3. Bc4 Be7 4. d4 exd4 5. Nxd4 Ne5 6. Bb3 Nf6 7. Nc3 0-0 8. f4 Nc6 9. Be3 Bb4 10. Qf3 d6 11. Nxc6 bxc6 12. Bd4 Re8 13. Bxf6 Qxf6 14. 0-0 a5 15. a3 Bxc3 16. bxc3 Ba6 17. Rfe1 Bb7 18. Rad1 h6 19. Rd2 Rab8 20. Qg3 Kf8 21. e5 dxe5 22. fxe5 Qg6 23. Qxg6 fxg6 24. Rf2+ Ke7 25. Ref1 1-0

[Event "Arco op 38th"]
[Site "Arco"]
[Date "2016.10.09"]
[Round "2"]
[White "Bruno, Fabio"]
[Black "Donadi, Luca"]
[Result "1-0"]
[WhiteElo "2448"]
[BlackElo "1790"]
[PlyCount "47"]
[EventDate "2016.10.08"]
[EventType "swiss"]
[EventRounds "9"]
[EventCountry "ITA"]
[SourceTitle "EXT 2017"]
[Source "ChessBase"]
[SourceDate "2016.10.25"]
[SourceVersion "1"]
[SourceVersionDate "2016.10.25"]
[SourceQuality "1"]

1. d4 d5 2. Nf3 Nf6 3. c4 e6 4. Nc3 Be7 5. Bf4 c6 6. e3 Nbd7 7. h3 0-0 8. Rc1 b6 9. cxd5 exd5 10. Bd3 Bb7 11. 0-0 c5 12. Qe2 Re8 13. dxc5 Bxc5 14. Nb5 Re7 15. Rfd1 Nf8 16. Bg5 N8d7 17. a3 a6 18. Nbd4 Bxd4 19. Nxd4 b5 20. Bf5 Rc8 21. Rxc8 Qxc8 22. Bxf6 gxf6 23. Qh5 Re8 24. Qh6 1-0

[Event "Arco op 37th"]
[Site "Arco"]
[Date "2015.10.14"]
[Round "5"]
[White "Donadi, Luca"]
[Black "Cluyts, Marc"]
[Result "0-1"]
[WhiteElo "1796"]
[BlackElo "1937"]
[PlyCount "40"]
[EventDate "2015.10.10"]
[EventType "swiss"]
[EventRounds "9"]
[EventCountry "ITA"]
[SourceTitle "CBM 168 Extra"]
[Source "ChessBase"]
[SourceDate "2015.10.29"]
[SourceVersion "1"]
[SourceVersionDate "2015.10.29"]
[SourceQuality "1"]

1. e4 e5 2. Nf3 Nc6 3. Bc4 Nf6 4. d3 Bc5 5. h3 a6 6. c3 Ba7 7. Bb3 d6 8. Be3 Bxe3 9. fxe3 d5 10. exd5 Nxd5 11. Bxd5 Qxd5 12. e4 Qd6 13. 0-0 0-0 14. Qe2 Be6 15. Ng5 Nd8 16. Nd2 f6 17. Ngf3 Qb6+ 18. Qf2 Qxb2 19. Qc5 Rf7 20. Rfb1 Qc2 0-1

[Event "Arco op 37th"]
[Site "Arco"]
[Date "2015.10.10"]
[Round "1"]
[White "Donadi, Luca"]
[Black "Astengo, Corrado"]
[Result "1/2-1/2"]
[WhiteElo "1796"]
[BlackElo "2126"]
[PlyCount "52"]
[EventDate "2015.10.10"]
[EventType "swiss"]
[EventRounds "9"]
[EventCountry "ITA"]
[SourceTitle "CBM 168 Extra"]
[Source "ChessBase"]
[SourceDate "2015.10.29"]
[SourceVersion "1"]
[SourceVersionDate "2015.10.29"]
[SourceQuality "1"]

1. e4 c5 2. Ne2 e6 3. g3 d5 4. Bg2 Nf6 5. exd5 Nxd5 6. Nbc3 Nxc3 7. Nxc3 Be7 8. d3 Nc6 9. 0-0 0-0 10. Be3 Bd7 11. Ne4 b6 12. c3 Rc8 13. Qe2 f5 14. Nd2 e5 15. f4 exf4 16. Bxf4 Bg5 17. Bxg5 Qxg5 18. Nf3 Qh5 19. Qd2 Rce8 20. Rae1 Rxe1 21. Rxe1 Re8 22. Rxe8+ Qxe8 23. Kf2 Qe7 24. d4 cxd4 25. Nxd4 Nxd4 26. Qxd4 Be6 1/2-1/2

[Event "Milan Crespi op-C 35th"]
[Site "Milan"]
[Date "2014.12.04"]
[Round "1"]
[White "Donadi, Luca"]
[Black "Blasco, Domenico"]
[Result "1/2-1/2"]
[WhiteElo "1785"]
[BlackElo "1902"]
[PlyCount "96"]
[EventDate "2014.12.04"]
[EventType "swiss"]
[EventRounds "7"]
[EventCountry "ITA"]
[SourceTitle "EXT 2017"]
[Source "ChessBase"]
[SourceDate "2016.10.25"]
[SourceVersion "1"]
[SourceVersionDate "2016.10.25"]
[SourceQuality "1"]

1. e4 g6 2. d4 Bg7 3. Nc3 a6 4. Nf3 d6 5. Bc4 e6 6. Bg5 Ne7 7. a3 Nd7 8. Qd2 h6 9. Be3 b5 10. Bb3 Bb7 11. 0-0 Nf6 12. d5 e5 13. Rad1 Ng4 14. Ne2 Nxe3 15. Qxe3 0-0 16. Ng3 Bc8 17. c4 f5 18. exf5 gxf5 19. Qe2 Bd7 20. c5 Ng6 21. c6 Nf4 22. Qc2 Bc8 23. Rfe1 h5 24. Ne2 Nxe2+ 25. Qxe2 Qf6 26. Bc2 Qh6 27. Qd2 f4 28. h3 Bf5 29. Bxf5 Rxf5 30. Qd3 Rf6 31. b3 Rff8 32. Re4 Rfb8 33. Rb4 Bf6 34. Qf5 a5 35. Re4 b4 36. a4 Rf8 37. Re2 Bd8 38. Qd3 Qg7 39. Qb5 Bf6 40. Qd3 Kh8 41. Kh2 Rg8 42. Rg1 Qg6 43. Qxg6 Rxg6 44. Nd2 Rag8 45. Ree1 Bh4 46. Ref1 R6g7 47. Nf3 Bf6 48. Nd2 Bh4 1/2-1/2

[Event "Arco op 36th"]
[Site "Arco"]
[Date "2014.10.09"]
[Round "6"]
[White "Donadi, Luca"]
[Black "Olivetti, Davide"]
[Result "0-1"]
[WhiteElo "1773"]
[BlackElo "1936"]
[PlyCount "114"]
[EventDate "2014.10.04"]
[EventType "swiss"]
[EventRounds "9"]
[EventCountry "ITA"]
[SourceTitle "EXT 2016"]
[Source "ChessBase"]
[SourceDate "2015.10.08"]
[SourceVersion "1"]
[SourceVersionDate "2015.10.08"]
[SourceQuality "1"]

1. e4 c6 2. d4 d5 3. Nc3 dxe4 4. Nxe4 Bf5 5. Ng3 Bg6 6. Nf3 Nd7 7. h4 h6 8. Bd3 Bxd3 9. Qxd3 Qc7 10. Be3 Ngf6 11. 0-0-0 e6 12. h5 Be7 13. c3 b5 14. Rh4 b4 15. c4 a5 16. Bf4 Bd6 17. Bxd6 Qxd6 18. Ne4 Qc7 19. Ne5 Nxe5 20. dxe5 Nxe4 21. Qxe4 Rd8 22. Rxd8+ Kxd8 23. Rg4 Qb6 24. Rxg7 Qxf2 25. Qf3 Qxf3 26. gxf3 Ke7 27. Kc2 a4 28. c5 Rd8 29. Rg4 Rd5 30. Rxb4 Rxc5+ 31. Kd3 Rxe5 32. Rh4 Kd6 33. Rxa4 Rxh5 34. Ra7 f5 35. Rh7 Rh3 36. Ke3 Ke5 37. a4 f4+ 38. Ke2 Rh2+ 39. Kd3 Rxb2 40. Rxh6 Rb3+ 41. Ke2 Ra3 42. a5 c5 43. Rh5+ Kd4 44. Rh6 Ra2+ 45. Kf1 Ke3 46. Rxe6+ Kxf3 47. Ke1 Rxa5 48. Re5 Ra1+ 49. Kd2 c4 50. Rc5 Ra4 51. Rc8 Kf2 52. Rf8 f3 53. Kc3 Kg2 54. Rg8+ Kf1 55. Rf8 f2 56. Rf7 Ra3+ 57. Kxc4 Kg2 0-1

[Event "Arco op 36th"]
[Site "Arco"]
[Date "2014.10.08"]
[Round "5"]
[White "Rahls, Peter"]
[Black "Donadi, Luca"]
[Result "1-0"]
[WhiteElo "2265"]
[BlackElo "1773"]
[PlyCount "65"]
[EventDate "2014.10.04"]
[EventType "swiss"]
[EventRounds "9"]
[EventCountry "ITA"]
[SourceTitle "EXT 2016"]
[Source "ChessBase"]
[SourceDate "2015.10.08"]
[SourceVersion "1"]
[SourceVersionDate "2015.10.08"]
[SourceQuality "1"]

1. e4 e5 2. Nf3 Nf6 3. Nc3 Nc6 4. d3 Bc5 5. Bg5 d6 6. Nd5 Bg4 7. c3 h6 8. Bxf6 gxf6 9. b4 Bb6 10. a4 a5 11. b5 Nb8 12. Nxb6 cxb6 13. Be2 Nd7 14. Nh4 Bxe2 15. Qxe2 Rc8 16. Rc1 Nc5 17. 0-0 Rg8 18. Nf5 Rg6 19. d4 Ne6 20. g3 Qc7 21. dxe5 fxe5 22. Rfd1 Nc5 23. h4 Nd7 24. h5 Rf6 25. Qg4 Nf8 26. Ne3 Qd7 27. Nf5 Rc4 28. Qg7 Qd8 29. Nxd6+ Rxd6 30. Qxe5+ Ne6 31. Rxd6 Qc7 32. Rcd1 Rxa4 33. Rxe6+ 1-0

[Event "Arco op 36th"]
[Site "Arco"]
[Date "2014.10.06"]
[Round "3"]
[White "Weiland, Guenter"]
[Black "Donadi, Luca"]
[Result "1/2-1/2"]
[WhiteElo "1953"]
[BlackElo "1773"]
[PlyCount "69"]
[EventDate "2014.10.04"]
[EventType "swiss"]
[EventRounds "9"]
[EventCountry "ITA"]
[SourceTitle "EXT 2016"]
[Source "ChessBase"]
[SourceDate "2015.10.08"]
[SourceVersion "1"]
[SourceVersionDate "2015.10.08"]
[SourceQuality "1"]

1. Nf3 d5 2. c4 c6 3. d4 Bf5 4. Nc3 Nf6 5. g3 e6 6. Bg2 Bd6 7. 0-0 Nbd7 8. Nh4 Bg6 9. c5 Bc7 10. b4 e5 11. Nxg6 hxg6 12. dxe5 Bxe5 13. Qb3 0-0 14. Bb2 Re8 15. e3 a5 16. a3 g5 17. Ne2 Qe7 18. Nd4 g6 19. Rad1 g4 20. Bc3 axb4 21. axb4 Ra7 22. Ra1 Rea8 23. Rxa7 Rxa7 24. Qb2 Qe8 25. Ra1 Qa8 26. Rxa7 Qxa7 27. f4 gxf3 28. Bxf3 Ne4 29. Bxe4 dxe4 30. Nf5 f6 31. Qb3+ Kf8 32. Nh6 Kg7 33. Qg8+ Kxh6 34. Qh8+ Kg5 35. Qh4+ 1/2-1/2

[Event "Milan Crespi op-A 34th"]
[Site "Milan"]
[Date "2013.12.07"]
[Round "5"]
[White "Miracola, Giorgia"]
[Black "Donadi, Luca"]
[Result "0-1"]
[WhiteElo "1866"]
[BlackElo "1750"]
[PlyCount "42"]
[EventDate "2013.12.04"]
[EventType "swiss"]
[EventRounds "7"]
[EventCountry "ITA"]
[SourceTitle "EXT 2024"]
[Source "ChessBase"]
[SourceDate "2023.10.10"]
[SourceVersion "1"]
[SourceVersionDate "2023.10.10"]
[SourceQuality "1"]

1. e4 e5 2. Nf3 Nf6 3. Nxe5 d6 4. Nf3 Nxe4 5. Nc3 Nxc3 6. dxc3 Be7 7. Bf4 Nc6 8. Qd2 Be6 9. a3 h6 10. h4 Bf6 11. 0-0-0 Qd7 12. h5 0-0-0 13. Bb5 a6 14. Bd3 Rhe8 15. Ng1 Na5 16. Ne2 Nc4 17. Bxc4 Bxc4 18. Be3 Bg5 19. Rh3 Qg4 20. Nd4 Qxg2 21. Rg3 Qxg3 0-1

[Event "Milan Crespi op-A 34th"]
[Site "Milan"]
[Date "2013.12.04"]
[Round "1"]
[White "Donadi, Luca"]
[Black "Di Lascio, Savino"]
[Result "0-1"]
[WhiteElo "1750"]
[BlackElo "1893"]
[PlyCount "170"]
[EventDate "2013.12.04"]
[EventType "swiss"]
[EventRounds "7"]
[EventCountry "ITA"]
[SourceTitle "EXT 2024"]
[Source "ChessBase"]
[SourceDate "2023.10.10"]
[SourceVersion "1"]
[SourceVersionDate "2023.10.10"]
[SourceQuality "1"]

1. e4 c6 2. d4 d5 3. Nc3 dxe4 4. Nxe4 Nf6 5. Ng3 h5 6. h4 e5 7. Nf3 exd4 8. Qxd4 Qxd4 9. Nxd4 Bc5 10. Nb3 Bd6 11. Be2 Bg4 12. Bxg4 hxg4 13. Nf5 Bf8 14. Be3 g6 15. Bd4 Nbd7 16. Ng3 0-0-0 17. 0-0-0 Bh6+ 18. Kb1 Rhe8 19. Rhe1 Bf4 20. Ne2 Bc7 21. Nc3 b6 22. a4 g3 23. Rxe8 Rxe8 24. Nd2 Ng4 25. fxg3 Bxg3 26. Nf3 c5 27. Bg1 Nde5 28. Ne4 Nxf3 29. gxf3 Bf4 30. Nxc5 Ne3 31. Bxe3 Rxe3 32. Nd3 Bg3 33. f4 Rf3 34. Rh1 Bxf4 35. h5 gxh5 36. Rxh5 Rf1+ 37. Ka2 Bd6 38. Rh8+ Kc7 39. b4 a6 40. Ra8 Kb7 41. Rd8 Bc7 42. Rd7 Kc6 43. Re7 Kd6 44. Re8 Rf5 45. Kb3 Kd7 46. Ra8 a5 47. bxa5 bxa5 48. Ra6 f6 49. Kc4 Bd6 50. Ra7+ Kc6 51. Ra6+ Kc7 52. Ra7+ Kb6 53. Rd7 Kc6 54. Ra7 Bc7 55. Ra6+ Bb6 56. Ra8 Rf1 57. Rf8 Bc7 58. Rc8 f5 59. Rf8 f4 60. Rf6+ Kd7 61. Nc5+ Ke7 62. Ra6 f3 63. Ra7 Kd6 64. Ne4+ Kc6 65. Ra6+ Bb6 66. Ra8 Rd1 67. Ng3 Rg1 68. Ne4 Rd1 69. Ng3 Rd4+ 70. Kb3 Rg4 71. Nf1 Rg1 72. Nd2 f2 73. Rf8 Be3 74. Rf6+ Kd5 75. Nc4 Bc5 76. Nd2 Rd1 77. Rf5+ Ke6 78. Rxc5 Rxd2 79. Rc6+ Ke5 80. Rc8 f1Q 81. Re8+ Kd6 82. Rd8+ Kc5 83. Rxd2 Qb1+ 84. Kc3 Qb4+ 85. Kd3 Qxa4 0-1

[Event "Milan Crespi op-B 28th"]
[Site "Milan"]
[Date "2007.12.09"]
[Round "6"]
[White "Donadi, Luca"]
[Black "Martelli, Tommaso"]
[Result "0-1"]
[WhiteElo "1754"]
[BlackElo "1872"]
[PlyCount "52"]
[EventDate "2007.12.06"]
[EventType "swiss"]
[EventRounds "6"]
[EventCountry "ITA"]
[SourceTitle "EXT 2009"]
[Source "ChessBase"]
[SourceDate "2008.11.26"]
[SourceVersion "1"]
[SourceVersionDate "2008.11.26"]
[SourceQuality "1"]

1. e4 e5 2. Nf3 Nc6 3. Bc4 Nf6 4. Ng5 d5 5. exd5 Na5 6. Bb5+ c6 7. dxc6 bxc6 8. Be2 h6 9. Nf3 e4 10. Ne5 Qd4 11. f4 Bc5 12. Rf1 g5 13. c3 Qd6 14. d4 exd3 15. Qxd3 Nb7 16. Qxd6 Bxd6 17. Nxc6 Nd5 18. fxg5 hxg5 19. Bxg5 Rxh2 20. Bf3 Nf4 21. Bxf4 Bxf4 22. Nd2 Bg3+ 23. Kd1 Nc5 24. Nd4 Rb8 25. Kc2 Ba6 26. Rh1 Bd3+ 0-1

[Event "Como Province-ch"]
[Site "Mariano Comense"]
[Date "2002.02.17"]
[Round "5"]
[White "Zecca, Carlo"]
[Black "Donadi, Luca"]
[Result "0-1"]
[WhiteElo "1455"]
[BlackElo "1708"]
[PlyCount "100"]
[EventDate "2002.02.09"]
[EventType "swiss"]
[EventRounds "6"]
[EventCountry "ITA"]
[SourceTitle "EXT 2024"]
[Source "ChessBase"]
[SourceDate "2023.10.10"]
[SourceVersion "1"]
[SourceVersionDate "2023.10.10"]
[SourceQuality "1"]

1. d4 Nf6 2. c4 g6 3. Nc3 Bg7 4. e4 d6 5. f3 0-0 6. Bg5 e5 7. d5 Nbd7 8. Nge2 h6 9. Bh4 g5 10. Bg3 Nh5 11. Bf2 f5 12. Ng3 Nxg3 13. hxg3 fxe4 14. Nxe4 Nf6 15. Bd3 Nxe4 16. Bxe4 Bf5 17. Qd3 Qf6 18. 0-0-0 Bxe4 19. Qxe4 a6 20. Kb1 b5 21. c5 a5 22. Rc1 Rfc8 23. Rc2 b4 24. Rc4 Rab8 25. Rhc1 Bf8 26. cxd6 Bxd6 27. Rc6 b3 28. a3 Qf7 29. Bc5 Rd8 30. Bxd6 cxd6 31. Rc7 Rd7 32. Rc8+ Rxc8 33. Rxc8+ Kg7 34. g4 Rc7 35. Rd8 Qe7 36. Ra8 Rc5 37. Rb8 Rc1+ 38. Kxc1 Qc7+ 39. Kd2 Qxb8 40. Qc4 Qb6 41. Kc3 Qe3+ 42. Qd3 Qb6 43. Qc4 Qe3+ 44. Qd3 Qb6 45. Qc4 Qe3+ 46. Qd3 Qb6 47. Qe4 Qb7 48. Qc4 a4 49. Qc6 Qa7 50. Qxd6 Qd4# 0-1